000 00475nam a22001817a 4500
999 _c525508
_d525508
003 NUST
020 _a-
038 _aZafar Malik
082 _a891.423
_bPAR
100 _aParvez, Aslam
_916407
245 _aPunjab : Adab Aur Saqafat \
_cAslam Parvez
260 _aLahore :
_bNigarshaat ;
_c1994.
300 _a160 p.;
500 _aHardcover
880 _6100-02\r
_aاسلم پرویز
880 _6245-02\r
_aپنجاب : ادب اور ثقافت
942 _2ddc
_cBK